Beauchampe : or, The Kentucky tragedy, a sequel to Charlemont /

Bibliographic Details
Main Author: Simms, William Gilmore, 1806-1870
Format: Book
Language:English
Published: Chicago : Donohue, Henneberry, 1890.
Edition:New and rev. ed.

MARC

Tag First Indicator Second Indicator Subfields
LEADER 00000cam a2200000 i 4500
001 in00000021472
005 20151007062327.0
008 780223s1890 ilua 000 1 eng d
035 |a (OCoLC)03661886 
035 |9 AAD4567AM 
040 |a NGU  |c NGU  |d TXA  |d UtOrBLW 
049 |a TXAM  |c [158226] 
090 |a PS2848  |b .B4 1890 
092 |a 813  |b S592b, 1890 
100 1 |a Simms, William Gilmore,  |d 1806-1870. 
245 1 0 |a Beauchampe :  |b or, The Kentucky tragedy, a sequel to Charlemont /  |c by W. Gilmore Simms. 
250 |a New and rev. ed. 
264 1 |a Chicago :  |b Donohue, Henneberry,  |c 1890. 
300 |a 1 page ., [7]-402 pages :  |b illustrations ;  |c 19 cm. 
336 |a text  |b txt  |2 rdacontent 
337 |a unmediated  |b n  |2 rdamedia 
338 |a volume  |b nc  |2 rdacarrier 
999 |a MARS 
999 f f |s f1efb460-1273-3924-bf29-dd5605aea924  |i 35d2baeb-beb0-3cc8-81fb-b80f167f4b1b  |t 0 
952 f f |p ric  |a Texas A&M University  |b Rellis Campus  |c Joint Library Facility  |d Remote Storage  |t 0  |e PS2848 .B4 1890  |h Library of Congress classification  |i unmediated -- volume  |m A14801250532 
998 f f |a PS2848 .B4 1890  |t 0  |l Remote Storage